00623nam a22001937a 450000500170000001000150001702000270003203500130005903700130007208200150008510000200010024500840012025000110020426000480021527000600026330000250032350000510034865000300039920130823114002.0 aENG-107898 c3359.00a9788176710893 aEN-91431 bDBAD/PUB a636.089696 aSoulsby, E.J.L.00aHelminths, arthropods and protozoa of domesticated animals /cby E.J.L. Soulsby a7th ed aNew DelhibAffiliated East-West Pressc2012 a105 Nirmal Tower, 26 Barakhamba RoadbNew Delhie110001 axiv,809p.c26cm(pbk) aIncludes bibliographical references and index. a Veterinary parasitology.